000
00305nam a22001337a 4500
020
_a
0195630521
082
_a
425
_b
INT/E
100
_a
INTHIRA,S.R
245
_a
ENRICH YOUR ENGLISH
260
_a
HYDERABAD
_b
OXFORD UNIVERSITY PRESS
300
_a
221
650
_a
COMMUNICATION SKILLS
_z
INDIA
942
_c
BK
999
_c
3919
_d
3919